[Event "15. Obert Int. Sant Marti 2013"]
[Site "Barcelona ESP"]
[Date "2013.07.17"]
[Round "5.4"]
[White "Saptarshi, Roy"]
[Black "Flores Rios, Mauricio"]
[Result "0-1"]
[WhiteElo "2447"]
[BlackElo "2492"]
[PlyCount "90"]
[EventDate "2013.07.13"]
[EventType "swiss"]
[EventRounds "9"]
[EventCountry "ESP"]
[SourceTitle "Ajedrez en Madrid"]
[Source "lmi"]
[SourceDate "2013.07.13"]
[SourceVersion "1"]
[SourceVersionDate "2019.06.21"]
[SourceQuality "1"]

1. d4 Nf6 2. Nf3 g6 3. Nbd2 Bg7 4. e4 d6 5. Bc4 O-O 6. Qe2 Nh5 7. Nb3 e5 8.
dxe5 dxe5 9. Bg5 Bf6 10. Rd1 Qe7 11. Be3 b6 12. O-O Bb7 13. Rfe1 a5 14. Bh6 Bg7
15. Qd2 Kh8 16. Bxg7+ Kxg7 17. Qc3 f6 18. Qd2 a4 19. Nc1 a3 20. b4 Nc6 21. Bd5
Nd8 22. Nd3 Qd7 23. Qc3 Bxd5 24. Ndxe5 Qc8 25. Rxd5 fxe5 26. Nxe5 Kg8 27. Nd7
Rf7 28. Qb3 Ne6 29. Ne5 Re7 30. Nc6 Rf7 31. Ne5 Rg7 32. Red1 Qe8 33. Ng4 Kh8
34. g3 Nf8 35. e5 Qe7 36. f4 Ne6 37. Rd7 Qe8 38. R7d5 Qf8 39. R5d2 Re8 40. Qxa3
g5 41. Qf3 gxf4 42. Nf6 Nxf6 43. exf6 Qxf6 44. Re2 Rf8 45. Kh1 Nd4 0-1

[Event "15. Obert Int. Sant Marti 2013"]
[Site "Barcelona ESP"]
[Date "2013.07.17"]
[Round "5.5"]
[White "Khaetsky, Roman"]
[Black "Ortiz Suarez, Isan Reynaldo"]
[Result "0-1"]
[WhiteElo "2424"]
[BlackElo "2612"]
[PlyCount "102"]
[EventDate "2013.07.13"]
[EventType "swiss"]
[EventRounds "9"]
[EventCountry "ESP"]
[SourceTitle "Ajedrez en Madrid"]
[Source "lmi"]
[SourceDate "2013.07.13"]
[SourceVersion "1"]
[SourceVersionDate "2019.06.21"]
[SourceQuality "1"]

1. e4 c5 2. c3 Nf6 3. e5 Nd5 4. d4 cxd4 5. Nf3 e6 6. cxd4 d6 7. a3 Bd7 8. Bd3
Bc6 9. O-O Nd7 10. Qe2 Be7 11. b4 a6 12. Bd2 O-O 13. Rc1 Qb6 14. Nc3 Nxc3 15.
Bxc3 dxe5 16. dxe5 Rfc8 17. Nd2 Qd8 18. Ne4 Nb6 19. Nf6+ gxf6 20. Qg4+ Kf8 21.
Bxh7 Ke8 22. b5 axb5 23. exf6 Bf8 24. Re1 Bd5 25. Bf5 Qd7 26. Bb4 Bxb4 27. axb4
Kd8 28. Rad1 Kc7 29. Qd4 Qd6 30. Be4 Kb8 31. Qd3 Rc4 32. Bxd5 Nxd5 33. Qh7 Qc7
34. Qg8+ Qc8 35. Qxf7 Ra6 36. g3 Ka7 37. Qg7 Qb8 38. f7 Rc8 39. Qd4+ Ka8 40.
Ra1 Qd6 41. Qe5 Qxe5 42. Rxa6+ bxa6 43. Rxe5 Rf8 44. Rxe6 Kb7 45. Rd6 Nxb4 46.
Rf6 Nc6 47. Rf5 b4 48. g4 b3 49. Rf3 Nd4 50. Rd3 b2 51. Rd1 Ne2+ 0-1

[Event "15. Obert Int. Sant Marti 2013"]
[Site "Barcelona ESP"]
[Date "2013.07.17"]
[Round "5.6"]
[White "Grigoryan, Karen H."]
[Black "Anurag, Mhamal"]
[Result "1/2-1/2"]
[WhiteElo "2550"]
[BlackElo "2418"]
[PlyCount "59"]
[EventDate "2013.07.13"]
[EventType "swiss"]
[EventRounds "9"]
[EventCountry "ESP"]
[SourceTitle "Ajedrez en Madrid"]
[Source "lmi"]
[SourceDate "2013.07.13"]
[SourceVersion "1"]
[SourceVersionDate "2019.06.21"]
[SourceQuality "1"]

1. d4 d5 2. c4 c6 3. cxd5 cxd5 4. Bf4 Nf6 5. Nc3 g6 6. e3 Bg7 7. Nf3 O-O 8. h3
Nc6 9. Bb5 Ne4 10. Rc1 Qb6 11. Bd3 Qxb2 12. Nxe4 dxe4 13. Bxe4 e5 14. Bxe5 Nxe5
15. dxe5 Qb4+ 16. Nd2 Rd8 17. Rc4 Qa5 18. Rd4 Rxd4 19. exd4 Bh6 20. g3 Be6 21.
f4 Rd8 22. Qa1 g5 23. Rf1 Bxh3 24. Rh1 g4 25. Ke2 Qa3 26. Kf2 Bg7 27. Nb3 a5
28. Rd1 a4 29. Nc1 Rc8 30. Ne2 1/2-1/2

[Event "15. Obert Int. Sant Marti 2013"]
[Site "Barcelona ESP"]
[Date "2013.07.17"]
[Round "5.7"]
[White "Nikolov, Momchil"]
[Black "Bellia, Fabrizio"]
[Result "1-0"]
[WhiteElo "2538"]
[BlackElo "2415"]
[PlyCount "67"]
[EventDate "2013.07.13"]
[EventType "swiss"]
[EventRounds "9"]
[EventCountry "ESP"]
[SourceTitle "Ajedrez en Madrid"]
[Source "lmi"]
[SourceDate "2013.07.13"]
[SourceVersion "1"]
[SourceVersionDate "2019.06.21"]
[SourceQuality "1"]

1. d4 Nf6 2. c4 e6 3. Nc3 Bb4 4. Qc2 O-O 5. a3 Bxc3+ 6. Qxc3 d5 7. e3 b6 8.
cxd5 exd5 9. Bd3 Ba6 10. Bxa6 Nxa6 11. Qd3 Qc8 12. Ne2 c5 13. b3 cxd4 14. exd4
Nc7 15. Bf4 Ne6 16. Be5 Ne4 17. h4 Qd7 18. f3 f6 19. Bh2 Nd6 20. h5 Rfe8 21.
Kf2 Qb5 22. Rhd1 Qd7 23. a4 Rac8 24. a5 b5 25. Rac1 a6 26. Bxd6 Qxd6 27. Qf5
Rxc1 28. Rxc1 h6 29. Rc3 b4 30. Re3 Kf8 31. Qh7 Nc7 32. Ng3 Qd7 33. Nf5 Qf7 34.
Nd6 1-0

[Event "15. Obert Int. Sant Marti 2013"]
[Site "Barcelona ESP"]
[Date "2013.07.17"]
[Round "5.8"]
[White "Cruz, Cristhian"]
[Black "Arvola, Benjamin"]
[Result "1-0"]
[WhiteElo "2499"]
[BlackElo "2347"]
[PlyCount "91"]
[EventDate "2013.07.13"]
[EventType "swiss"]
[EventRounds "9"]
[EventCountry "ESP"]
[SourceTitle "Ajedrez en Madrid"]
[Source "lmi"]
[SourceDate "2013.07.13"]
[SourceVersion "1"]
[SourceVersionDate "2019.06.21"]
[SourceQuality "1"]

1. d4 Nf6 2. c4 e6 3. g3 d5 4. Bg2 dxc4 5. Nf3 Be7 6. O-O O-O 7. Ne5 Nc6 8.
Bxc6 bxc6 9. Nxc6 Qd6 10. Nxe7+ Qxe7 11. Qa4 e5 12. dxe5 Qxe5 13. Qxc4 Be6 14.
Qd3 Rad8 15. Qe3 Qh5 16. f3 Rfe8 17. Qg5 Bc4 18. Qxh5 Nxh5 19. Nc3 Bxe2 20. Rf2
Bd3 21. Bg5 Rd7 22. Rd2 h6 23. Rad1 hxg5 24. Rxd3 Rxd3 25. Rxd3 Nf6 26. Kf2 Re5
27. Rd4 Rc5 28. g4 Kf8 29. Ke3 Ke7 30. Ra4 a5 31. Kd4 Kd6 32. Rc4 Rxc4+ 33.
Kxc4 Ke5 34. Ne2 Nd5 35. Kb5 Nf4 36. Nxf4 gxf4 37. Kc5 a4 38. h4 f6 39. h5 Ke6
40. Kd4 Kd6 41. Ke4 Kc5 42. Kf5 Kd4 43. Kg6 a3 44. b4 Ke3 45. Kxg7 Kxf3 46. h6
1-0

[Event "15. Obert Int. Sant Marti 2013"]
[Site "Barcelona ESP"]
[Date "2013.07.17"]
[Round "5.9"]
[White "Pulvett, Daniel"]
[Black "Escobar Forero, Alder"]
[Result "1/2-1/2"]
[WhiteElo "2405"]
[BlackElo "2466"]
[PlyCount "64"]
[EventDate "2013.07.13"]
[EventType "swiss"]
[EventRounds "9"]
[EventCountry "ESP"]
[SourceTitle "Ajedrez en Madrid"]
[Source "lmi"]
[SourceDate "2013.07.13"]
[SourceVersion "1"]
[SourceVersionDate "2019.06.21"]
[SourceQuality "1"]

1. d4 Nf6 2. c4 d6 3. Nf3 Nbd7 4. Nc3 e5 5. e4 Be7 6. Be2 O-O 7. O-O b6 8. Re1
Bb7 9. Bf1 Re8 10. Bg5 exd4 11. Nxd4 Nxe4 12. Bxe7 Rxe7 13. Nd5 Bxd5 14. cxd5
Nef6 15. Rxe7 Qxe7 16. Rc1 Ne5 17. Nb5 Ne8 18. f4 Ng4 19. Qd2 a6 20. Re1 Qh4
21. g3 Qxh2+ 22. Qxh2 Nxh2 23. Kxh2 axb5 24. Bxb5 Nf6 25. a4 Rb8 26. Bc6 Kf8
27. b4 Ng8 28. Rd1 Ne7 29. Bd7 Rd8 30. Bb5 Rc8 31. Bd7 Rd8 32. Bb5 Rc8 1/2-1/2

[Event "15. Obert Int. Sant Marti 2013"]
[Site "Barcelona ESP"]
[Date "2013.07.17"]
[Round "5.10"]
[White "Perpinya Rofes, Lluis Maria"]
[Black "Satyapragyan, Swayangsu"]
[Result "1/2-1/2"]
[WhiteElo "2400"]
[BlackElo "2464"]
[PlyCount "56"]
[EventDate "2013.07.13"]
[EventType "swiss"]
[EventRounds "9"]
[EventCountry "ESP"]
[SourceTitle "Ajedrez en Madrid"]
[Source "lmi"]
[SourceDate "2013.07.13"]
[SourceVersion "1"]
[SourceVersionDate "2019.06.21"]
[SourceQuality "1"]

1. e4 e6 2. d4 d5 3. Nc3 Nf6 4. e5 Nfd7 5. Nf3 c5 6. dxc5 Nc6 7. Bf4 Bxc5 8.
Bd3 f6 9. exf6 Nxf6 10. Qe2 O-O 11. O-O-O a6 12. Ne5 Bd6 13. Bg3 Qc7 14. Ng4
Bd7 15. Rhe1 Kh8 16. Kb1 Nd4 17. Bxd6 Nxe2 18. Bxc7 Nxc3+ 19. bxc3 Nxg4 20. f3
Nf6 21. Be5 Rac8 22. Bd4 Nh5 23. g3 Kg8 24. Bf1 Nf6 25. c4 Rf7 26. cxd5 exd5
27. Bd3 Ne8 28. Re5 Nc7 1/2-1/2

[Event "15. Obert Int. Sant Marti 2013"]
[Site "Barcelona ESP"]
[Date "2013.07.17"]
[Round "5.11"]
[White "Arenas, David"]
[Black "Vehi Bach, Victor Manuel"]
[Result "1-0"]
[WhiteElo "2437"]
[BlackElo "2308"]
[PlyCount "131"]
[EventDate "2013.07.13"]
[EventType "swiss"]
[EventRounds "9"]
[EventCountry "ESP"]
[SourceTitle "Ajedrez en Madrid"]
[Source "lmi"]
[SourceDate "2013.07.13"]
[SourceVersion "1"]
[SourceVersionDate "2019.06.21"]
[SourceQuality "1"]

1. e4 c5 2. Nf3 e6 3. d4 cxd4 4. Nxd4 Nf6 5. Nc3 d6 6. Be3 Be7 7. f4 O-O 8. Qf3
e5 9. Nf5 Bxf5 10. exf5 Nbd7 11. Bc4 exf4 12. Qxf4 Nh5 13. Qf2 Bh4 14. g3 Bf6
15. Nd1 Qa5+ 16. c3 Be5 17. O-O Nhf6 18. Bb3 d5 19. Qf3 Rad8 20. Nf2 Nc5 21.
Rfd1 Nxb3 22. axb3 Qb5 23. b4 a6 24. Nd3 Rfe8 25. Nc5 h6 26. Bf2 Ne4 27. Qd3
Qc6 28. Nxe4 dxe4 29. Qxd8 Rxd8 30. Rxd8+ Kh7 31. Re1 Qf6 32. Rd7 Qxf5 33. Rxb7
h5 34. Re3 h4 35. b5 axb5 36. Rxb5 hxg3 37. hxg3 f6 38. Rb4 Bd6 39. Rbxe4 Bc5
40. g4 Qg5 41. Rh3+ Kg6 42. Bxc5 Qxc5+ 43. Rhe3 Kg5 44. Rd4 g6 45. Re2 Qa5 46.
Kf2 Qa1 47. Ke3 Qc1+ 48. Red2 f5 49. gxf5 gxf5 50. Kd3 Qf1+ 51. Kc2 f4 52. Rd8
f3 53. Rg8+ Kf4 54. b4 Qa1 55. Rf8+ Ke3 56. Rd3+ Ke2 57. Rd2+ Ke3 58. Re8+ Kf4
59. Red8 Ke3 60. R8d3+ Ke4 61. Rd4+ Ke3 62. R2d3+ Ke2 63. Re4+ Kf2 64. Kb3 Qb1+
65. Kc4 Kg2 66. Rg4+ 1-0

[Event "15. Obert Int. Sant Marti 2013"]
[Site "Barcelona ESP"]
[Date "2013.07.17"]
[Round "5.12"]
[White "Prasca Sosa, Rafael"]
[Black "Gomez Jurado, Luis Alberto"]
[Result "1-0"]
[WhiteElo "2426"]
[BlackElo "2273"]
[PlyCount "103"]
[EventDate "2013.07.13"]
[EventType "swiss"]
[EventRounds "9"]
[EventCountry "ESP"]
[SourceTitle "Ajedrez en Madrid"]
[Source "lmi"]
[SourceDate "2013.07.13"]
[SourceVersion "1"]
[SourceVersionDate "2019.06.21"]
[SourceQuality "1"]

1. e4 c6 2. d4 d5 3. e5 Bf5 4. Nf3 e6 5. Be2 c5 6. O-O Nc6 7. c3 h6 8. Be3 cxd4
9. Bxd4 Nge7 10. Qb3 Qc7 11. Na3 a6 12. c4 Be4 13. Bb6 Qd7 14. Nd2 Nxe5 15.
Nxe4 dxe4 16. Rfd1 Qc6 17. Nc2 Nd7 18. Be3 Nf5 19. Nd4 Nxd4 20. Rxd4 Be7 21.
Qc2 Nf6 22. c5 O-O 23. Rc4 Rac8 24. b4 Rfd8 25. Rb1 Rd7 26. a4 Qc7 27. b5 axb5
28. axb5 Rd5 29. c6 b6 30. Qa2 Bd6 31. g3 Rb8 32. Ra4 Qd8 33. Bc4 Rh5 34. Bxe6
fxe6 35. Qxe6+ Kh7 36. Rd4 Re5 37. Qxd6 Qxd6 38. Rxd6 Nd5 39. Bd4 Rf5 40. Rd7
Nf6 41. Bxf6 Rxf6 42. c7 Rc8 43. Rc1 Rff8 44. Rc6 Ra8 45. Kg2 h5 46. Kh3 h4 47.
Rxb6 hxg3 48. hxg3 Rfe8 49. Rc6 e3 50. fxe3 Ra4 51. c8=Q Rh4+ 52. Kg2 1-0

[Event "15. Obert Int. Sant Marti 2013"]
[Site "Barcelona ESP"]
[Date "2013.07.17"]
[Round "5.14"]
[White "Alvarado Diaz, Alejandro"]
[Black "Perez Mitjans, Orelvis"]
[Result "0-1"]
[WhiteElo "2313"]
[BlackElo "2495"]
[PlyCount "80"]
[EventDate "2013.07.13"]
[EventType "swiss"]
[EventRounds "9"]
[EventCountry "ESP"]
[SourceTitle "Ajedrez en Madrid"]
[Source "lmi"]
[SourceDate "2013.07.13"]
[SourceVersion "1"]
[SourceVersionDate "2019.06.21"]
[SourceQuality "1"]

1. d4 d5 2. Nf3 Nc6 3. c4 Bg4 4. Nc3 e6 5. cxd5 exd5 6. Bf4 Bd6 7. Bg3 Bxf3 8.
gxf3 Nge7 9. e3 O-O 10. a3 f5 11. f4 Nb8 12. Qb3 c6 13. Qxb7 Nd7 14. Bh4 Nf6
15. b4 Kh8 16. Be2 Ng6 17. Bg5 Qe8 18. h4 h6 19. Kd2 a5 20. b5 c5 21. dxc5 Bxc5
22. Bf3 Rb8 23. Qc6 d4 24. Nd5 dxe3+ 25. fxe3 Nxd5 26. Qxc5 Rxb5 27. Qd4 Nxe3
28. Rae1 Nc4+ 29. Qxc4 Qb8 30. Rc1 Rb2+ 31. Rc2 Rc8 32. Qxc8+ Qxc8 33. Rxb2
hxg5 34. hxg5+ Kg8 35. Bd5+ Kf8 36. Rc1 Qd8 37. Rb5 Nxf4 38. Rcc5 Qxg5 39. Kc3
Qg3+ 40. Kd4 Ne2+ 0-1

[Event "15. Obert Int. Sant Marti 2013"]
[Site "Barcelona ESP"]
[Date "2013.07.17"]
[Round "5.15"]
[White "Cuartas, Jaime Alexander"]
[Black "Hernando Rodrigo, Julio Antonio"]
[Result "1-0"]
[WhiteElo "2484"]
[BlackElo "2327"]
[PlyCount "109"]
[EventDate "2013.07.13"]
[EventType "swiss"]
[EventRounds "9"]
[EventCountry "ESP"]
[SourceTitle "Ajedrez en Madrid"]
[Source "lmi"]
[SourceDate "2013.07.13"]
[SourceVersion "1"]
[SourceVersionDate "2019.06.21"]
[SourceQuality "1"]

1. e4 e6 2. d4 d5 3. Nc3 Bb4 4. e5 c5 5. a3 Ba5 6. b4 cxd4 7. Nb5 Bc7 8. f4 Ne7
9. Nf3 a5 10. Nxc7+ Qxc7 11. b5 Nf5 12. Bd3 Qc3+ 13. Bd2 Qc5 14. Qc1 Nd7 15. g4
Ne3 16. Bxe3 dxe3 17. Ke2 f6 18. Qxe3 Qxe3+ 19. Kxe3 g5 20. exf6 Nxf6 21. h3
gxf4+ 22. Kxf4 Rf8 23. Ke3 Ke7 24. g5 Nh5 25. Bxh7 e5 26. Nxe5 Kd6 27. Nd3 Bd7
28. Bg6 Be8 29. Bxh5 Bxh5 30. Rae1 Rf5 31. h4 Rc8 32. Kd2 Rc4 33. Rhf1 Rxf1 34.
Rxf1 Rxh4 35. Rf6+ Ke7 36. Rh6 d4 37. Kc1 Rh1+ 38. Kb2 Bf3 39. Ne5 Be4 40. Rxh1
Bxh1 41. Nc4 a4 42. Nb6 Bf3 43. Nxa4 Be2 44. b6 Kd6 45. g6 Bc4 46. Kc1 Kc6 47.
g7 Kb5 48. Nb2 Bg8 49. Nd3 Kxb6 50. Ne5 Ka5 51. Nd7 Ka4 52. Kb2 b5 53. Nc5+ Ka5
54. Nb3+ Kb6 55. Nxd4 1-0

[Event "15. Obert Int. Sant Marti 2013"]
[Site "Barcelona ESP"]
[Date "2013.07.17"]
[Round "5.16"]
[White "Munoz Pantoja, Miguel"]
[Black "Capellades Subirana, Marc"]
[Result "1-0"]
[WhiteElo "2457"]
[BlackElo "2260"]
[PlyCount "83"]
[EventDate "2013.07.13"]
[EventType "swiss"]
[EventRounds "9"]
[EventCountry "ESP"]
[SourceTitle "Ajedrez en Madrid"]
[Source "lmi"]
[SourceDate "2013.07.13"]
[SourceVersion "1"]
[SourceVersionDate "2019.06.21"]
[SourceQuality "1"]

1. e4 e5 2. Nf3 Nc6 3. Bc4 Bc5 4. b4 Bxb4 5. c3 Bd6 6. d4 Qf6 7. O-O Nge7 8.
Bg5 Qg6 9. Re1 O-O 10. d5 Na5 11. Bd3 f6 12. Be3 b6 13. Nh4 Qf7 14. Nd2 Ba3 15.
Qa4 Bb2 16. Rab1 Bxc3 17. Rec1 Bxd2 18. Bxd2 Nb7 19. Rxc7 d6 20. Bb4 a5 21. Ba3
Nc5 22. Bxc5 bxc5 23. Rb6 Rd8 24. Nf3 Kf8 25. Nd2 Qg6 26. Bf1 f5 27. Nc4 Qf6
28. Rxc5 fxe4 29. Rxa5 Rxa5 30. Qxa5 Nf5 31. Rb8 Qe7 32. Qb6 Re8 33. a4 Kg8 34.
a5 Nh4 35. Qxd6 Nf3+ 36. gxf3 Qg5+ 37. Kh1 Qf5 38. Ne3 Qxf3+ 39. Bg2 Qf7 40. a6
Rf8 41. a7 Qxf2 42. Qxf8+ 1-0

[Event "15. Obert Int. Sant Marti 2013"]
[Site "Barcelona ESP"]
[Date "2013.07.17"]
[Round "5.17"]
[White "Getz, Nicolai"]
[Black "Lorenzo De La Riva, Lazaro"]
[Result "0-1"]
[WhiteElo "2353"]
[BlackElo "2433"]
[PlyCount "106"]
[EventDate "2013.07.13"]
[EventType "swiss"]
[EventRounds "9"]
[EventCountry "ESP"]
[SourceTitle "Ajedrez en Madrid"]
[Source "lmi"]
[SourceDate "2013.07.13"]
[SourceVersion "1"]
[SourceVersionDate "2019.06.21"]
[SourceQuality "1"]

1. d4 Nf6 2. c4 e6 3. Nc3 c5 4. d5 exd5 5. cxd5 d6 6. e4 g6 7. f4 Bg7 8. e5
dxe5 9. fxe5 Nfd7 10. e6 fxe6 11. dxe6 Qh4+ 12. g3 Bxc3+ 13. bxc3 Qe4+ 14. Qe2
Qxe2+ 15. Bxe2 Nb6 16. Bg4 O-O 17. Ne2 Nc6 18. Bh6 Re8 19. Nf4 Ne5 20. Be2 Bxe6
21. Nxe6 Rxe6 22. O-O Nf7 23. Bg4 Re7 24. Bf4 Nd5 25. Bd2 Rae8 26. Rf2 Nb6 27.
Raf1 Nc4 28. Bf4 Re1 29. Bf3 Rxf1+ 30. Rxf1 Re7 31. Rb1 b6 32. Bd5 Ne3 33. Bxe3
Rxe3 34. a4 Kg7 35. a5 Rxc3 36. axb6 axb6 37. Rxb6 Rc1+ 38. Kg2 Rc2+ 39. Kh3
Ng5+ 40. Kg4 Rd2 41. Kxg5 Rxd5+ 42. Kf4 Rd2 43. h4 Rd4+ 44. Kf3 h5 45. Rc6 c4
46. Rc7+ Kf6 47. Rc6+ Kf7 48. Rc7+ Ke6 49. Rc5 Kd7 50. Ke3 Rg4 51. Kd2 Kd6 52.
Rc8 Kd5 53. Rd8+ Ke4 0-1

[Event "15. Obert Int. Sant Marti 2013"]
[Site "Barcelona ESP"]
[Date "2013.07.17"]
[Round "5.18"]
[White "Lovik, Lasse Ostebo"]
[Black "Aloma Vidal, Robert"]
[Result "0-1"]
[WhiteElo "2311"]
[BlackElo "2421"]
[PlyCount "134"]
[EventDate "2013.07.13"]
[EventType "swiss"]
[EventRounds "9"]
[EventCountry "ESP"]
[SourceTitle "Ajedrez en Madrid"]
[Source "lmi"]
[SourceDate "2013.07.13"]
[SourceVersion "1"]
[SourceVersionDate "2019.06.21"]
[SourceQuality "1"]

1. d4 Nf6 2. c4 e6 3. Nc3 Bb4 4. Qc2 d5 5. cxd5 Nxd5 6. e4 Nxc3 7. bxc3 Ba5 8.
Nf3 c5 9. Bd2 Nc6 10. Bb5 O-O 11. O-O cxd4 12. cxd4 Bxd2 13. Qxd2 Bd7 14. Rfd1
Ne7 15. Rab1 Bxb5 16. Rxb5 Qd7 17. Rdb1 b6 18. Ne5 Qb7 19. Qe3 Qa6 20. R1b2
Rac8 21. h4 Qa4 22. Kh2 Nc6 23. Nxc6 Rxc6 24. R5b4 Qd1 25. Rb1 Qg4 26. g3 Rfc8
27. R4b3 Rc2 28. R1b2 Rc1 29. Qf3 Qxf3 30. Rxf3 R8c2 31. Rfb3 Rxb2 32. Rxb2 Rd1
33. a4 Rxd4 34. a5 Rd6 35. Rc2 Kf8 36. Rc7 bxa5 37. Rxa7 Rd2 38. Kg2 Ra2 39. h5
h6 40. e5 a4 41. g4 a3 42. Ra8+ Ke7 43. Ra7+ Ke8 44. Ra8+ Kd7 45. Ra7+ Kc6 46.
Rxf7 Rb2 47. Ra7 a2 48. Kg3 Kc5 49. f4 Kb4 50. Kh4 Rh2+ 51. Kg3 Rd2 52. Kh4 Kb3
53. f5 exf5 54. e6 f4 55. g5 f3 56. e7 Re2 57. gxh6 gxh6 58. Rb7+ Kc4 59. Rc7+
Kd5 60. Rc1 f2 61. Kg3 Kd6 62. Kf3 Rxe7 63. Kxf2 Ra7 64. Ra1 Kd5 65. Ke3 Kc4
66. Kd2 Kb3 67. Kc1 Rc7+ 0-1

[Event "15. Obert Int. Sant Marti 2013"]
[Site "Barcelona ESP"]
[Date "2013.07.17"]
[Round "5.19"]
[White "Forsaa, Espen"]
[Black "Valsecchi, Alessio"]
[Result "1/2-1/2"]
[WhiteElo "2293"]
[BlackElo "2412"]
[PlyCount "50"]
[EventDate "2013.07.13"]
[EventType "swiss"]
[EventRounds "9"]
[EventCountry "ESP"]
[SourceTitle "Ajedrez en Madrid"]
[Source "lmi"]
[SourceDate "2013.07.13"]
[SourceVersion "1"]
[SourceVersionDate "2019.06.21"]
[SourceQuality "1"]

1. c4 g6 2. Nc3 Bg7 3. g3 e5 4. Bg2 c6 5. e4 d6 6. Nge2 Be6 7. b3 Ne7 8. d4
exd4 9. Nxd4 Qd7 10. Bf4 Be5 11. Qd2 Bh3 12. Bxh3 Qxh3 13. O-O-O O-O 14. Bxe5
dxe5 15. Nf3 f6 16. Qd6 Nc8 17. Qc7 Nb6 18. Nh4 Qe6 19. Rd8 N8d7 20. Rxf8+ Rxf8
21. Qxb7 Rb8 22. Qc7 Rc8 23. Qb7 Rb8 24. Qc7 Rc8 25. Qb7 Rb8 1/2-1/2

[Event "15. Obert Int. Sant Marti 2013"]
[Site "Barcelona ESP"]
[Date "2013.07.17"]
[Round "5.20"]
[White "Uribe Arteaga, Daniel"]
[Black "Sanchez Ibern, Marc"]
[Result "0-1"]
[WhiteElo "2274"]
[BlackElo "2408"]
[PlyCount "94"]
[EventDate "2013.07.13"]
[EventType "swiss"]
[EventRounds "9"]
[EventCountry "ESP"]
[SourceTitle "Ajedrez en Madrid"]
[Source "lmi"]
[SourceDate "2013.07.13"]
[SourceVersion "1"]
[SourceVersionDate "2019.06.21"]
[SourceQuality "1"]

1. d4 Nf6 2. c4 g6 3. Nc3 Bg7 4. e4 d6 5. f3 O-O 6. Be3 c5 7. Nge2 Qa5 8. d5 a6
9. Ng3 b5 10. cxb5 Nbd7 11. bxa6 Bxa6 12. Bxa6 Qxa6 13. Qe2 Rfb8 14. Qxa6 Rxa6
15. O-O-O Nb6 16. Kc2 Na4 17. Nxa4 Rxa4 18. Bd2 Nxd5 19. exd5 Rxb2+ 20. Kd3 c4+
21. Ke3 Ra3+ 22. Ke4 f5+ 23. Nxf5 gxf5+ 24. Kxf5 Raxa2 25. Bg5 Kf7 26. Rhe1 Re2
27. Rxe2 Rxe2 28. Rd2 Re5+ 29. Kg4 c3 30. Rd1 Re2 31. Kg3 c2 32. Rc1 Be5+ 33.
Bf4 Bxf4+ 34. Kxf4 Rxg2 35. h3 Kf6 36. h4 Re2 37. Rg1 Rh2 38. Ke3 Rxh4 39. Kd2
Rh2+ 40. Kc1 h5 41. Rg8 h4 42. Rh8 h3 43. Rh5 Kg6 44. Rh4 Kg5 45. Rg4+ Kf5 46.
Rh4 Ke5 47. Rh5+ Kf4 0-1

[Event "15. Obert Int. Sant Marti 2013"]
[Site "Barcelona ESP"]
[Date "2013.07.17"]
[Round "5.21"]
[White "Larsen, Karsten"]
[Black "Laxman, R.R.."]
[Result "1/2-1/2"]
[WhiteElo "2270"]
[BlackElo "2401"]
[PlyCount "127"]
[EventDate "2013.07.13"]
[EventType "swiss"]
[EventRounds "9"]
[EventCountry "ESP"]
[SourceTitle "Ajedrez en Madrid"]
[Source "lmi"]
[SourceDate "2013.07.13"]
[SourceVersion "1"]
[SourceVersionDate "2019.06.21"]
[SourceQuality "1"]

1. e4 e5 2. Nf3 Nc6 3. Bb5 a6 4. Ba4 Nf6 5. O-O Be7 6. Bxc6 dxc6 7. d3 Nd7 8.
b3 O-O 9. Bb2 f6 10. Nc3 c5 11. Nd2 Nb8 12. Ne2 Nc6 13. f4 Bg4 14. h3 Bxe2 15.
Qxe2 exf4 16. Rxf4 Bd6 17. Rff1 Be5 18. Bxe5 Nxe5 19. Qe3 Qd4 20. Qxd4 cxd4 21.
Nf3 Nc6 22. a3 Rad8 23. Rae1 Rfe8 24. g4 Rd6 25. Re2 Ne5 26. Nxe5 Rxe5 27. Rf5
b5 28. Kf1 a5 29. Ke1 Rc6 30. Kd1 a4 31. bxa4 bxa4 32. Kc1 Rc3 33. Kb2 c5 34.
Rxe5 fxe5 35. h4 c4 36. dxc4 Rxc4 37. Rf2 Rc6 38. Rf5 Re6 39. Kc1 Rh6 40. h5
Re6 41. g5 g6 42. hxg6 hxg6 43. Rf3 Kg7 44. Kd2 Rb6 45. Kc1 Rc6 46. Kd2 Rd6 47.
Kd3 Rb6 48. Kc4 Rd6 49. Kb5 Rd8 50. Kxa4 Rh8 51. Kb5 Rb8+ 52. Kc4 Rb2 53. c3
Re2 54. cxd4 Rxe4 55. Rd3 Rg4 56. a4 exd4 57. a5 Rxg5 58. Ra3 d3 59. Kc3 Rd5
60. Kd2 Kf6 61. a6 Rd8 62. a7 Ra8 63. Kxd3 g5 64. Ke4 1/2-1/2

[Event "15. Obert Int. Sant Marti 2013"]
[Site "Barcelona ESP"]
[Date "2013.07.17"]
[Round "5.22"]
[White "Dalo, Hermes"]
[Black "Sequera Paolini, Jose"]
[Result "0-1"]
[WhiteElo "2148"]
[BlackElo "2394"]
[PlyCount "100"]
[EventDate "2013.07.13"]
[EventType "swiss"]
[EventRounds "9"]
[EventCountry "ESP"]
[SourceTitle "Ajedrez en Madrid"]
[Source "lmi"]
[SourceDate "2013.07.13"]
[SourceVersion "1"]
[SourceVersionDate "2019.06.21"]
[SourceQuality "1"]

1. d4 e6 2. c4 Nf6 3. Nc3 Bb4 4. e3 c5 5. Bd3 Bxc3+ 6. bxc3 d6 7. Nf3 Nc6 8.
O-O e5 9. Nd2 O-O 10. Rb1 Qe7 11. d5 e4 12. dxc6 exd3 13. Nf3 bxc6 14. Qxd3 Ne4
15. Rb3 Qe6 16. Ra3 a5 17. Nd2 Nxd2 18. Qxd2 a4 19. Qd1 Qxc4 20. Qxd6 Ba6 21.
Rd1 h6 22. h3 Bb5 23. e4 Kh7 24. Be3 Rad8 25. Qxd8 Rxd8 26. Rxd8 Qf1+ 27. Kh2
c4 28. Rd7 Kg6 29. Rd6+ f6 30. e5 Kf7 31. e6+ Ke8 32. Rd7 Qb1 33. Bc5 Qf5 34.
Bd6 Qxe6 35. Re7+ Qxe7 36. Bxe7 Kxe7 37. Kg3 f5 38. Kf4 Kf6 39. Ke3 c5 40. f4
Bc6 41. Kf2 Kg6 42. g3 Kh5 43. Ke2 g5 44. Ke3 Be8 45. Kf3 Bd7 46. Ke3 Bc6 47.
fxg5 Kxg5 48. Ke2 f4 49. Kf2 h5 50. gxf4+ Kxf4 0-1

[Event "15. Obert Int. Sant Marti 2013"]
[Site "Barcelona ESP"]
[Date "2013.07.17"]
[Round "5.23"]
[White "Dukaczewski, Piotr"]
[Black "Fabregas Fontanet, Antonio"]
[Result "1-0"]
[WhiteElo "2226"]
[BlackElo "2045"]
[PlyCount "109"]
[EventDate "2013.07.13"]
[EventType "swiss"]
[EventRounds "9"]
[EventCountry "ESP"]
[SourceTitle "Ajedrez en Madrid"]
[Source "lmi"]
[SourceDate "2013.07.13"]
[SourceVersion "1"]
[SourceVersionDate "2019.06.21"]
[SourceQuality "1"]

1. e4 g6 2. d4 Bg7 3. Nc3 d6 4. f4 c6 5. Nf3 Bg4 6. Be3 Nf6 7. h3 Bxf3 8. Qxf3
Qa5 9. O-O-O Nbd7 10. g4 O-O-O 11. g5 Ne8 12. f5 Nc7 13. fxg6 fxg6 14. Qf7 Bf8
15. h4 Kb8 16. Bh3 Nb6 17. Kb1 d5 18. Bf1 dxe4 19. h5 gxh5 20. Bf4 Nbd5 21. Be5
Nxc3+ 22. bxc3 e6 23. Rxh5 Ba3 24. Bxc7+ Qxc7 25. Qxc7+ Kxc7 26. Bg2 e3 27. Re1
c5 28. Rxe3 Rd6 29. c4 Rb6+ 30. Rb3 cxd4 31. g6 Bf8 32. Rxh7+ Rxh7 33. gxh7
Rxb3+ 34. axb3 Bg7 35. c5 a5 36. b4 b6 37. c6 axb4 38. Ka2 b5 39. Kb3 Kb6 40.
Kxb4 Bf6 41. Be4 Be7+ 42. Kb3 Bf6 43. Ka2 Bg7 44. Kb1 Bf6 45. Kc1 Bg7 46. Kd2
Bf6 47. Ke2 Bg7 48. Kf3 Be5 49. Kg4 b4 50. Kg5 d3 51. Bxd3 Kxc6 52. Kg6 Kd5 53.
Kf7 Kd4 54. Kxe6 Bh8 55. Bb5 1-0